01984nam a22002537a 4500003000200000005001700002008004100019020001800060050002400078100002800102245009100130250001200221260005700233300003400290504002000324520114100344650001001485650003601495650003301531650001101564942001201575999001901587952012401606020241007095543.0241007b xxu||||| |||| 00| 0 eng d a9781523510207 aGV 1203b.C752 2020 aConner, Bobbi,eauthor. aUnplugged play :bGrade school : 216 activities & games for ages 6-10 /cBobbi Conner. a1st ed. aNew York, NY :bWorkman Publishing Co., Inc.,c2020. a266 p. :bcol. ill. ;c20 cm. aIncludes index. a"Screen-free. Battery-free. Pure fun. When Unplugged Play was first published as a parent-friendly encyclopedia of games and activities for all ages, Richard Louv, author of Last Child in the Woods, called it "A terrific prescription for much of what ails children and parents today." Now Unplugged Playgets a fresh and appealing new life as three separate, brightly designed books, each targeted to a specific age group. The need, of course, is significantly more pressing than when the book was originally published-screens are far more ubiquitous, causing parents even greater concern about their overuse-and these timeless, imaginative, easy-to-implement games are here to the rescue. Each volume includes games to play alone and games to play with siblings and friends and parents. Games to play indoors and games for outside. There are craft projects, music activities, guessing games-the kinds of truly fun activities designed to stretch the imagination, spark creativity, build strong bodies, forge friendships, and explore the real world. The opposite of hunkering down in front of an addictive screen"-- Provided by publisher. aPlay. aActivity programs in education. aSchool childrenvRecreation. aGames. 2lcccBK c366462d366462 00102lcc40aLUXbLUXcGSd2024-10-07eLibrary Fundl0oGV 1203 .C752 2020p21266r2024-10-07 00:00:00w2024-10-07yBK